Flags without symbols - Statistics

General Stats
  • This quiz has been taken 30 times
  • The average score is 40 of 50
Answer Stats
Picture Answer % Correct
France
96%
Germany
96%
Ireland
96%
Italy
96%
Poland
96%
Ukraine
96%
Belgium
93%
Indonesia
93%
Netherlands
93%
Russia
93%
Czech Republic
89%
Estonia
89%
Luxembourg
89%
Monaco
89%
Austria
86%
Hungary
86%
Latvia
86%
Qatar
86%
Thailand
86%
Bahrain
82%
Colombia
82%
Ivory Coast
82%
Nigeria
82%
Romania
82%
Bulgaria
79%
Peru
79%
Sudan
79%
Bahamas
75%
Kuwait
75%
Lithuania
75%
United Arab Emirates
75%
Yemen
75%
Armenia
71%
Chad
71%
Costa Rica
71%
Guyana
71%
Seychelles
71%
Tanzania
71%
Madagascar
68%
Mali
68%
Trinidad and Tobago
68%
Bolivia
64%
Botswana
64%
Gabon
64%
Mauritius
64%
Sierra Leone
64%
Benin
61%
Congo
61%
Guinea
61%
Gambia
57%
No matching quizzes found
Score Distribution
Percent of People with Each Score
Percentile by Number Answered
Your Score History
You have not taken this quiz